000 01294nam a22003617a 4500
003 CHAP
005 20250516062730.0
008 101019s2008 mx a r 00010 spa d
010 _a99450
011 _a100422
035 _a111108
040 _cCHAP
090 _aTesis
100 1 _aRodríguez Nava, Jonatan Saúl.
_998737
245 1 0 _aFactibilidad de una inversión en la producción acuicola en Cocula, Gro.
_c/por Jonatan Saúl Rodríguez Nava
260 _aCocula, Gro. :
_bEl autor,
_c2008
300 _axvi, 87 h. :
_bilus., cuadros, gráfs.
502 _aTesis (Ing. Agr. Zootecnista) -- CSAEGRO. Centro de Estudios Profesionales
590 _aALEPH
_b10
_c20130110
_lUCH01
_h1536
590 _aBATCH-UPD
_b10
_c20130110
_lUCH01
_h1042
590 _aBATCH-UPD
_b10
_c20130410
_lUCH01
_h0641
590 _aBATCH-UPD
_b10
_c20130913
_lUCH01
_h1940
590 _aCONVERSION
_b10
_c20130109
_lUCH01
_h1355
650 1 4 _aAcuicultura
_xGuerrero.
_9770
650 1 4 _aAcuicultura
_xProduccion.
_9777
650 1 4 _aEstanques piscícolas.
_938273
650 1 4 _aEstudios de factibilidad.
_938520
650 1 4 _aInversiones.
_960178
650 1 7 _aTilapia (nombre común)
_2
_9113299
901 _aBK
942 _cTESIS
949 _aTesis
_bBC
_cTES
_d33724002117520
_eTS1
_gDonaciØn
_h51144
_i111108
_sb
999 _c99450
_d99450